Modern constitutional law: Commentary and case studies

Сохранить в:
Библиографические подробности
Главный автор: Cortner, Richard C.
Формат:
Язык:Undetermined
Опубликовано: New York The Free Press 1971
Предметы:
Метки: Добавить метку
Нет меток, Требуется 1-ая метка записи!
Thư viện lưu trữ: Trung tâm Học liệu Trường Đại học Cần Thơ
LEADER 00674nam a2200229Ia 4500
001 CTU_43469
008 210402s9999 xx 000 0 und d
020 |c 143.25 
082 |a 342.73029 
082 |b C831 
100 |a Cortner, Richard C. 
245 0 |a Modern constitutional law: 
245 0 |b Commentary and case studies 
245 0 |c Richard C Cortner, Clifford M Lytle 
260 |a New York 
260 |b The Free Press 
260 |c 1971 
650 |a Constitutional law,Constitutional law 
650 |x Cases 
650 |z United States,United States 
904 |i Minh, 010913 (Nguyên sửa) 
980 |a Trung tâm Học liệu Trường Đại học Cần Thơ